[Event "PokerStars Masters 2nd"]
[Site "Douglas"]
[Date "2015.10.06"]
[Round "4.42"]
[White "Mertens, Heiko"]
[Black "Player, Edmund C"]
[Result "1/2-1/2"]
[WhiteElo "2309"]
[BlackElo "2200"]
[PlyCount "44"]
[EventDate "2015.10.03"]
[EventType "swiss"]
[EventRounds "9"]
[EventCountry "IOM"]
[SourceTitle "twic1065-1099"]
[Source "Mark Crowther"]
[SourceDate "2015.12.04"]
[SourceVersion "1"]
[SourceVersionDate "2015.12.04"]
[SourceQuality "1"]

1. e4 e6 2. d3 d5 3. Nd2 Nf6 4. Ngf3 Bc5 5. Be2 Nc6 6. O-O dxe4 7. Nxe4 Nxe4 8.
dxe4 Qxd1 9. Rxd1 e5 10. c3 a5 11. Nd2 Be6 12. Nb3 Bb6 13. Be3 Bxe3 14. fxe3
Ke7 15. Nc5 b6 16. Nxe6 fxe6 17. Bb5 Nb8 18. Rd2 Rd8 19. Rf2 Rf8 20. Rd2 Rd8
21. Rf2 Rf8 22. Rd2 Rd8 1/2-1/2

[Event "PokerStars Masters 2nd"]
[Site "Douglas"]
[Date "2015.10.06"]
[Round "4.43"]
[White "Weinstein, Shaul"]
[Black "Klein, Felix"]
[Result "0-1"]
[WhiteElo "1991"]
[BlackElo "2306"]
[PlyCount "122"]
[EventDate "2015.10.03"]
[EventType "swiss"]
[EventRounds "9"]
[EventCountry "IOM"]
[SourceTitle "twic1065-1099"]
[Source "Mark Crowther"]
[SourceDate "2015.12.04"]
[SourceVersion "1"]
[SourceVersionDate "2015.12.04"]
[SourceQuality "1"]

1. d4 d5 2. c4 e6 3. Nf3 dxc4 4. Qa4+ Nd7 5. e3 c5 6. Bxc4 Ngf6 7. Nc3 Be7 8.
d5 exd5 9. Nxd5 Nxd5 10. Bxd5 O-O 11. Qc2 Nf6 12. Bc4 b5 13. Be2 Bb7 14. O-O
Qb6 15. a4 a6 16. b3 Be4 17. Bd3 Bxd3 18. Qxd3 Rfd8 19. Qc2 Nd5 20. Bb2 Nb4 21.
Qe4 Re8 22. Qg4 Bf8 23. Ne5 Rad8 24. Nd7 Qg6 25. Qxg6 hxg6 26. Rfd1 Be7 27.
axb5 axb5 28. Rac1 Nc6 29. Kf1 Na5 30. Rd3 c4 31. bxc4 Nxc4 32. Bc3 Ra8 33. Rd5
Ba3 34. Rb1 Rxe3 35. Be1 Re7 36. Rbxb5 Bd6 37. Nb6 Ra1 38. g3 Nxb6 39. Rxd6
Raxe1+ 40. Kg2 Nd7 41. Rb7 Nf6 42. Rb8+ Re8 43. Rd4 R1e7 44. Rb5 Re2 45. Rf4
Ra2 46. Rb7 g5 47. Rf3 g4 48. Rf4 Ra1 49. h3 gxh3+ 50. Kxh3 Ra6 51. Kg2 Rae6
52. Ra7 R8e7 53. Ra8+ Ne8 54. Kf1 g6 55. Kg2 Kg7 56. Rb8 Rf6 57. Rh4 Re2 58.
Kg1 Nd6 59. f4 Nf5 60. Rhh8 Ra6 61. Rhg8+ Kf6 0-1

[Event "PokerStars Masters 2nd"]
[Site "Douglas"]
[Date "2015.10.06"]
[Round "4.44"]
[White "Zisman, Philip"]
[Black "Hill, Alistair"]
[Result "1-0"]
[WhiteElo "2305"]
[BlackElo "2180"]
[PlyCount "135"]
[EventDate "2015.10.03"]
[EventType "swiss"]
[EventRounds "9"]
[EventCountry "IOM"]
[SourceTitle "twic1065-1099"]
[Source "Mark Crowther"]
[SourceDate "2015.12.04"]
[SourceVersion "1"]
[SourceVersionDate "2015.12.04"]
[SourceQuality "1"]

1. e4 c5 2. Nf3 Nc6 3. d4 cxd4 4. Nxd4 Nf6 5. Nc3 e5 6. Ndb5 d6 7. Nd5 Nxd5 8.
exd5 Ne7 9. c3 Ng6 10. a4 Be7 11. Be2 O-O 12. Be3 a6 13. Na3 Bg5 14. Qd2 Bxe3
15. Qxe3 Nf4 16. Bf3 Bg4 17. g3 Bxf3 18. Qxf3 Ng6 19. O-O f5 20. Nc4 Rc8 21.
Qe2 Qc7 22. Nd2 Qc5 23. c4 e4 24. Ra3 Ne5 25. Rc3 Qb4 26. Rb3 Nf3+ 27. Qxf3
Qxd2 28. Qc3 Qxc3 29. Rxc3 g6 30. Rfc1 b6 31. f4 Kf7 32. Kf2 Kf6 33. Ke3 g5 34.
fxg5+ Kxg5 35. b4 Rb8 36. Kd4 Rfc8 37. Rf1 h5 38. Rc2 Rb7 39. Rcf2 Rf7 40. Rf4
Kf6 41. R4f2 Kg5 42. Ra2 Kg4 43. a5 Rfc7 44. Rc1 Rb7 45. axb6 Rxb6 46. Ra4 Rcb8
47. Kc3 h4 48. c5 dxc5 49. bxc5 Rb3+ 50. Kc4 hxg3 51. hxg3 Kxg3 52. c6 Rd3 53.
Rc3 Rxc3+ 54. Kxc3 e3 55. c7 Rb1 56. Kd3 Rc1 57. d6 Kf3 58. Rc4 Rxc4 59. Kxc4
e2 60. c8=Q e1=Q 61. Qxf5+ Kg3 62. Qd3+ Kh2 63. d7 Qh4+ 64. Kc5 Qd8 65. Qd6+
Kh1 66. Kc6 Qa8+ 67. Kb6 Qd8+ 68. Qc7 1-0

[Event "PokerStars Masters 2nd"]
[Site "Douglas"]
[Date "2015.10.06"]
[Round "4.45"]
[White "Greet, Andrew"]
[Black "Leutwyler, Martin"]
[Result "1-0"]
[WhiteElo "2455"]
[BlackElo "2156"]
[PlyCount "143"]
[EventDate "2015.10.03"]
[EventType "swiss"]
[EventRounds "9"]
[EventCountry "IOM"]
[SourceTitle "twic1065-1099"]
[Source "Mark Crowther"]
[SourceDate "2015.12.04"]
[SourceVersion "1"]
[SourceVersionDate "2015.12.04"]
[SourceQuality "1"]

1. Nf3 d5 2. c4 c6 3. e3 Nf6 4. Nc3 a6 5. Qc2 g6 6. d4 Bg7 7. Bd3 Bg4 8. Ne5
Be6 9. c5 Nbd7 10. Nxd7 Nxd7 11. O-O O-O 12. b4 f5 13. Rb1 Bf7 14. f4 e6 15. a4
h6 16. g3 g5 17. Kh1 Bh5 18. b5 axb5 19. axb5 gxf4 20. gxf4 Qh4 21. Bb2 Nf6 22.
Qf2 Qxf2 23. Rxf2 Ne4 24. Nxe4 fxe4 25. Be2 Bxe2 26. Rxe2 Ra2 27. Rg2 Kf7 28.
Bc3 Rxg2 29. Kxg2 Ra8 30. Rb3 Bf6 31. Kh3 Ra2 32. Bb2 Kg6 33. Kg4 Bd8 34. b6
h5+ 35. Kg3 Kf5 36. h3 Bf6 37. Rb4 Kg6 38. Kf2 Bh4+ 39. Ke2 Kf5 40. Rb3 Bg3 41.
Kd2 Bf2 42. Kc2 Bh4 43. Kb1 Ra8 44. Bc1 Kf6 45. Rb2 Rg8 46. Ra2 Kf5 47. Ra7 Rb8
48. Kc2 Kf6 49. Bd2 Ke7 50. Kd1 Kf6 51. Be1 Bxe1 52. Kxe1 h4 53. Kd2 Ke7 54.
Kc3 Kd7 55. Kb3 Ke7 56. Kb4 Kd7 57. Ra1 Rg8 58. Ra7 Rb8 59. Ra1 Rg8 60. Rf1 Rg3
61. f5 Rxe3 62. f6 Ke8 63. Ra1 Rd3 64. Ra7 Rxd4+ 65. Kb3 Kf7 66. Rxb7+ Kxf6 67.
Ra7 Rd3+ 68. Kc2 Rd4 69. Ra3 Rc4+ 70. Rc3 Rb4 71. Rb3 Rc4+ 72. Kb2 1-0

[Event "PokerStars Masters 2nd"]
[Site "Douglas"]
[Date "2015.10.06"]
[Round "4.46"]
[White "Zahn, Alina"]
[Black "Byron, Alan M"]
[Result "0-1"]
[WhiteElo "2130"]
[BlackElo "2188"]
[PlyCount "54"]
[EventDate "2015.10.03"]
[EventType "swiss"]
[EventRounds "9"]
[EventCountry "IOM"]
[SourceTitle "twic1065-1099"]
[Source "Mark Crowther"]
[SourceDate "2015.12.04"]
[SourceVersion "1"]
[SourceVersionDate "2015.12.04"]
[SourceQuality "1"]

1. e4 c5 2. Nf3 d6 3. Bb5+ Nd7 4. d4 cxd4 5. Qxd4 a6 6. Bxd7+ Bxd7 7. c4 Bc6 8.
Nc3 Nf6 9. O-O g6 10. Bg5 Bg7 11. Rfe1 O-O 12. Qd2 Re8 13. Rad1 Qc7 14. Qf4
Rac8 15. Qh4 b5 16. Nd5 Bxd5 17. cxd5 Qa5 18. a3 Rc4 19. Bd2 Qa4 20. Bb4 Rxe4
21. Qh3 Rxe1+ 22. Rxe1 Qb3 23. Bc3 Qxd5 24. Qh4 Qc4 25. Qg5 Ne4 26. Qe3 Nxc3
27. bxc3 Qxc3 0-1

[Event "PokerStars Masters 2nd"]
[Site "Douglas"]
[Date "2015.10.06"]
[Round "4.47"]
[White "Hewson, Brian Wr"]
[Black "Burrows, Martin"]
[Result "1/2-1/2"]
[WhiteElo "2059"]
[BlackElo "2147"]
[PlyCount "86"]
[EventDate "2015.10.03"]
[EventType "swiss"]
[EventRounds "9"]
[EventCountry "IOM"]
[SourceTitle "twic1065-1099"]
[Source "Mark Crowther"]
[SourceDate "2015.12.04"]
[SourceVersion "1"]
[SourceVersionDate "2015.12.04"]
[SourceQuality "1"]

1. d4 Nf6 2. Nf3 g6 3. Bg5 Bg7 4. Nbd2 c5 5. e3 b6 6. Bd3 cxd4 7. exd4 Bb7 8.
O-O O-O 9. Re1 d6 10. Qe2 Re8 11. Ne4 Nxe4 12. Bxe4 Bxe4 13. Qxe4 d5 14. Qh4
Nc6 15. c3 f6 16. Bh6 Bh8 17. Rad1 Qd7 18. Be3 Rad8 19. Rd2 Na5 20. Rde2 Nc4
21. Bc1 Nd6 22. h3 Bg7 23. Nh2 Rc8 24. Qg4 Qxg4 25. Nxg4 Kf7 26. Ne3 e6 27. Nc2
Nc4 28. Nb4 Bf8 29. Nd3 Bd6 30. b3 Na5 31. Bf4 Bf8 32. Bd2 Bd6 33. f4 Nc6 34.
Kf2 Re7 35. Bc1 Nb8 36. Bb2 Nd7 37. g3 f5 38. Ne5+ Bxe5 39. fxe5 Ree8 40. Ke3
g5 41. Kd3 b5 42. Rc2 Rc6 43. Ba3 Rec8 1/2-1/2

[Event "PokerStars Masters 2nd"]
[Site "Douglas"]
[Date "2015.10.06"]
[Round "4.48"]
[White "Sipos, Silvester"]
[Black "Cafolla, Peter"]
[Result "1-0"]
[WhiteElo "2003"]
[BlackElo "2067"]
[PlyCount "79"]
[EventDate "2015.10.03"]
[EventType "swiss"]
[EventRounds "9"]
[EventCountry "IOM"]
[SourceTitle "twic1065-1099"]
[Source "Mark Crowther"]
[SourceDate "2015.12.04"]
[SourceVersion "1"]
[SourceVersionDate "2015.12.04"]
[SourceQuality "1"]

1. e4 c5 2. Nc3 e6 3. Nf3 d5 4. exd5 exd5 5. d4 Nf6 6. Bb5+ Nc6 7. O-O Be7 8.
Ne5 Bd7 9. Nxd7 Qxd7 10. dxc5 d4 11. Na4 O-O-O 12. Qf3 Qd5 13. Qh3+ Nd7 14. b4
Nxb4 15. c4 Qe6 16. Qb3 Nc6 17. Ba3 Ndb8 18. Rab1 Rd7 19. Nb2 Rhd8 20. Nd3 Qf5
21. Rfe1 Bf6 22. Ba4 Rc7 23. Bc1 g5 24. Bd2 h5 25. Nb4 Na5 26. Qd1 Nxc4 27. Bc2
d3 28. Nxd3 Nxd2 29. Qxd2 Qd5 30. Qe2 Nc6 31. Qxh5 Nd4 32. Nb4 Qxc5 33. Qg4+
Rcd7 34. Rec1 Nc6 35. Ba4 Qd4 36. Bxc6 Qxg4 37. Bf3+ Qc4 38. Rxc4+ Kb8 39. Na6+
Ka8 40. Nc7+ 1-0

[Event "PokerStars Masters 2nd"]
[Site "Douglas"]
[Date "2015.10.06"]
[Round "4.49"]
[White "Logallo, Claudio"]
[Black "Johnson, Paul A"]
[Result "1/2-1/2"]
[WhiteElo "2067"]
[BlackElo "1882"]
[PlyCount "103"]
[EventDate "2015.10.03"]
[EventType "swiss"]
[EventRounds "9"]
[EventCountry "IOM"]
[SourceTitle "twic1065-1099"]
[Source "Mark Crowther"]
[SourceDate "2015.12.04"]
[SourceVersion "1"]
[SourceVersionDate "2015.12.04"]
[SourceQuality "1"]

1. d4 d5 2. Nc3 Nf6 3. Bg5 e6 4. Nf3 Be7 5. Bxf6 Bxf6 6. e4 dxe4 7. Nxe4 Nd7 8.
c3 O-O 9. Bd3 b6 10. Qe2 Bb7 11. O-O-O Qe7 12. h4 c5 13. Bc2 cxd4 14. Nxd4 Nc5
15. f3 Rfd8 16. Kb1 Rac8 17. g4 Nxe4 18. fxe4 Bxd4 19. cxd4 Rc7 20. Rd2 Rcd7
21. Qe3 Qf6 22. g5 Qe7 23. h5 f5 24. gxf6 Qxf6 25. Rhd1 Rf8 26. Qh3 Re7 27. d5
exd5 28. exd5 Bc8 29. Qb3 Qd6 30. a3 Bf5 31. Ka1 Bg4 32. Rh1 Bf3 33. Rh3 Re1+
34. Ka2 Bg4 35. Rh4 Rff1 36. Qc4 Ra1+ 37. Kb3 Qg3+ 38. Rd3 Qxh4 39. d6+ Kf8 40.
d7 Qd8 41. Qxg4 Rae1 42. Rc3 Ke7 43. Qxg7+ Rf7 44. Qg5+ Rf6 45. Qg7+ Rf7 46.
Qg5+ Rf6 47. Rf3 Ree6 48. Bf5 Re5 49. Qg7+ Kd6 50. Rd3+ Kc7 51. Rc3+ Rc5 52.
Qg3+ 1/2-1/2

[Event "PokerStars Masters 2nd"]
[Site "Douglas"]
[Date "2015.10.06"]
[Round "4.50"]
[White "Fox, Anthony"]
[Black "Klein, Gernot"]
[Result "0-1"]
[WhiteElo "2031"]
[BlackElo "1881"]
[PlyCount "120"]
[EventDate "2015.10.03"]
[EventType "swiss"]
[EventRounds "9"]
[EventCountry "IOM"]
[SourceTitle "twic1065-1099"]
[Source "Mark Crowther"]
[SourceDate "2015.12.04"]
[SourceVersion "1"]
[SourceVersionDate "2015.12.04"]
[SourceQuality "1"]

1. e4 c5 2. Nc3 e6 3. f4 d5 4. d3 dxe4 5. dxe4 Qxd1+ 6. Nxd1 Nf6 7. Nf2 Nc6 8.
c3 Be7 9. Nf3 a6 10. Be3 O-O 11. g4 b5 12. g5 Nd7 13. Bg2 Bb7 14. O-O Rad8 15.
Rad1 Nb6 16. b3 Nc8 17. Rfe1 Rfe8 18. h4 Rxd1 19. Rxd1 Rd8 20. Rxd8+ Nxd8 21.
Nd2 Bc6 22. Nd3 Nb7 23. Ne5 Be8 24. Ng4 Bc6 25. Ne5 Be8 26. Ng4 Bc6 27. h5 f6
28. gxf6 gxf6 29. e5 Bxg2 30. exf6 Bh3 31. fxe7 Nxe7 32. Nf6+ Kg7 33. Nfe4 Nd5
34. Bxc5 Nxc5 35. Nxc5 Nxc3 36. Nxa6 Nxa2 37. Ne4 Bf5 38. Nec5 Kh6 39. Nc7 Nc3
40. N7xe6 Kxh5 41. Kf2 Kg4 42. Ke3 Nd5+ 43. Kd4 Nxf4 44. Nc7 h5 45. Nxb5 h4 46.
Nd6 Ne6+ 47. Nxe6 Bxe6 48. Ne4 Kf4 49. b4 h3 50. b5 h2 51. Nf2 Bc8 52. b6 Kf3
53. Nh1 Kg2 54. Ke3 Kxh1 55. Kf2 Bb7 56. Kf1 Bc8 57. Kf2 Ba6 58. b7 Bxb7 59.
Kf1 Bc8 60. Kf2 Ba6 0-1

[Event "PokerStars Masters 2nd"]
[Site "Douglas"]
[Date "2015.10.07"]
[Round "5.3"]
[White "Naiditsch, Arkadij"]
[Black "Granda Zuniga, Julio E"]
[Result "1/2-1/2"]
[WhiteElo "2682"]
[BlackElo "2667"]
[PlyCount "185"]
[EventDate "2015.10.03"]
[EventType "swiss"]
[EventRounds "9"]
[EventCountry "IOM"]
[SourceTitle "twic1065-1099"]
[Source "Mark Crowther"]
[SourceDate "2015.12.04"]
[SourceVersion "1"]
[SourceVersionDate "2015.12.04"]
[SourceQuality "1"]

1. e4 c6 2. Nc3 d5 3. Nf3 Nf6 4. e5 Ne4 5. Ne2 e6 6. d3 Nc5 7. Ng3 b6 8. d4
Ncd7 9. Bg5 Be7 10. h4 Ba6 11. Nh5 g6 12. Nf4 h6 13. Bxe7 Qxe7 14. Qd2 Bxf1 15.
Kxf1 Na6 16. a4 Nc7 17. a5 b5 18. g3 Na6 19. c3 c5 20. b3 c4 21. Rb1 Qd8 22.
Qa2 Qc7 23. Kg2 Qc6 24. Qa3 Rc8 25. Nh2 b4 26. cxb4 c3 27. Rhc1 Qb5 28. Qa4
Qxb4 29. Ne2 c2 30. Rb2 Qxa4 31. bxa4 Ke7 32. Ng4 Rc4 33. Rb7 Rhc8 34. Rxa7 Nb4
35. Ne3 R4c6 36. Kf1 Nd3 37. Rxc2 Rxc2 38. Nxc2 Rxc2 39. a6 Nb4 40. Ra8 Rc6 41.
a7 Ra6 42. Rb8 Rxa7 43. Rxb4 Rc7 44. Ke1 Rc6 45. a5 Ra6 46. Rb5 Kd8 47. Kd2 Kc7
48. Kc3 Nb8 49. Nc1 Rc6+ 50. Kb2 Rc4 51. Nb3 Nc6 52. a6 Rb4 53. Rxb4 Nxb4 54.
Nc5 Kb6 55. g4 Nxa6 56. Nd7+ Kc7 57. Nf6 Kd8 58. Kb3 Nc7 59. Kb4 Ne8 60. Ng8 h5
61. f3 Ng7 62. Nf6 Ke7 63. Kc3 Kf8 64. Kd3 Ne8 65. Nxe8 Kxe8 66. Ke3 Ke7 67.
Kf4 hxg4 68. fxg4 f6 69. exf6+ Kxf6 70. g5+ Kf7 71. Kg4 e5 72. dxe5 d4 73. Kf3
Ke6 74. Ke4 d3 75. Kxd3 Kxe5 76. Ke3 Kf5 77. Kf3 Ke6 78. Kf4 Kf7 79. Kf3 Ke7
80. Ke3 Kd7 81. Kd3 Ke6 82. Ke4 Kd6 83. Kf3 Ke7 84. Kg4 Kf7 85. Kg3 Ke7 86. Kf4
Ke6 87. Kg4 Kf7 88. h5 gxh5+ 89. Kxh5 Kg7 90. g6 Kg8 91. Kh6 Kh8 92. g7+ Kg8
93. Kg6 1/2-1/2

[Event "PokerStars Masters 2nd"]
[Site "Douglas"]
[Date "2015.10.07"]
[Round "5.5"]
[White "Greenfeld, Alon"]
[Black "Short, Nigel D"]
[Result "0-1"]
[WhiteElo "2534"]
[BlackElo "2678"]
[PlyCount "44"]
[EventDate "2015.10.03"]
[EventType "swiss"]
[EventRounds "9"]
[EventCountry "IOM"]
[SourceTitle "twic1065-1099"]
[Source "Mark Crowther"]
[SourceDate "2015.12.04"]
[SourceVersion "1"]
[SourceVersionDate "2015.12.04"]
[SourceQuality "1"]

1. Nf3 d5 2. c4 d4 3. b4 Bg4 4. g3 f6 5. Bg2 e5 6. O-O Nd7 7. Qb3 a5 8. e3 dxe3
9. fxe3 axb4 10. d4 Be6 11. Bb2 Nh6 12. dxe5 fxe5 13. Nbd2 Nf7 14. Nd4 exd4 15.
exd4 Nde5 16. Rae1 Bc5 17. Qe3 Rxa2 18. dxc5 Rxb2 19. Rxf7 Qxd2 20. Qxd2 Rxd2
21. Rf4 Nd3 22. Rxe6+ Kd7 0-1

[Event "PokerStars Masters 2nd"]
[Site "Douglas"]
[Date "2015.10.07"]
[Round "5.6"]
[White "Grandelius, Nils"]
[Black "Koop, Thorben"]
[Result "1-0"]
[WhiteElo "2647"]
[BlackElo "2407"]
[PlyCount "159"]
[EventDate "2015.10.03"]
[EventType "swiss"]
[EventRounds "9"]
[EventCountry "IOM"]
[SourceTitle "twic1065-1099"]
[Source "Mark Crowther"]
[SourceDate "2015.12.04"]
[SourceVersion "1"]
[SourceVersionDate "2015.12.04"]
[SourceQuality "1"]

1. Nf3 Nf6 2. c4 g6 3. Nc3 d5 4. cxd5 Nxd5 5. g3 Bg7 6. Bg2 O-O 7. h4 Nc6 8. h5
Bf5 9. hxg6 hxg6 10. Ng5 Nxc3 11. bxc3 Nb4 12. Ne4 Qc8 13. Rb1 Nd5 14. Qb3 c6
15. c4 Nf6 16. Nxf6+ Bxf6 17. d3 Rb8 18. Bb2 b5 19. Bxf6 exf6 20. Qc3 Qe6 21.
c5 Rfd8 22. Kf1 Qe5 23. Qxe5 fxe5 24. Bxc6 Rdc8 25. Rxb5 Rxb5 26. Bxb5 Rxc5 27.
Bc4 Bd7 28. Rh4 Kg7 29. Ke1 g5 30. Rh5 f6 31. Kd2 Ra5 32. Rh1 Bb5 33. Be6 Ra6
34. Bb3 Ba4 35. Bc4 Rb6 36. Kc3 Bc6 37. Rc1 Kf8 38. f3 Bb7 39. g4 Bc6 40. Bb3
Bd7 41. Kd2 Rc6 42. Rh1 Be6 43. Rh8+ Kg7 44. Ra8 Bxb3 45. axb3 Rc7 46. Rb8 Kf7
47. Ke3 Rd7 48. Ke4 Rd4+ 49. Ke3 Rd7 50. Rb5 Ke6 51. Rb4 Rd6 52. Ke4 a5 53. Ra4
Rb6 54. e3 Rxb3 55. Rxa5 Kf7 56. Kf5 Rxd3 57. Ra7+ Ke8 58. Ke6 Kd8 59. Ra8+ Kc7
60. Rf8 Rxe3 61. Rxf6 Kd8 62. Rf8+ Kc7 63. Rf6 Kd8 64. Rf8+ Kc7 65. Kd5 Kd7 66.
Rf5 Kc7 67. Rxg5 Rxf3 68. Kxe5 Kd7 69. Rf5 Rg3 70. Kf4 Rg1 71. Re5 Rf1+ 72. Kg5
Rf8 73. Kh6 Rf4 74. g5 Kd6 75. Re1 Kd7 76. Kg7 Rf5 77. g6 Rf2 78. Kg8 Rf3 79.
g7 Kd6 80. Re4 1-0

[Event "PokerStars Masters 2nd"]
[Site "Douglas"]
[Date "2015.10.07"]
[Round "5.7"]
[White "Hillarp Persson, Tiger"]
[Black "Kuzubov, Yuriy"]
[Result "1/2-1/2"]
[WhiteElo "2546"]
[BlackElo "2641"]
[PlyCount "48"]
[EventDate "2015.10.03"]
[EventType "swiss"]
[EventRounds "9"]
[EventCountry "IOM"]
[SourceTitle "twic1065-1099"]
[Source "Mark Crowther"]
[SourceDate "2015.12.04"]
[SourceVersion "1"]
[SourceVersionDate "2015.12.04"]
[SourceQuality "1"]

1. d4 f5 2. Bg5 h6 3. Bh4 g5 4. e3 Nf6 5. Bg3 d6 6. h4 g4 7. h5 e6 8. Ne2 Nc6
9. Nbc3 e5 10. dxe5 Nxe5 11. Qd4 Qe7 12. Nf4 Bg7 13. O-O-O O-O 14. Bh4 Qf7 15.
Bb5 Bd7 16. Bxd7 Nfxd7 17. Qd5 Nb6 18. Qxf7+ Rxf7 19. b3 Re8 20. Nb5 Nc6 21. c3
Be5 22. Ng6 Bg7 23. Nf4 Be5 24. Ng6 Bg7 1/2-1/2

[Event "PokerStars Masters 2nd"]
[Site "Douglas"]
[Date "2015.10.07"]
[Round "5.8"]
[White "Vishnu, Prasanna V"]
[Black "Tiviakov, Sergei"]
[Result "0-1"]
[WhiteElo "2503"]
[BlackElo "2612"]
[PlyCount "76"]
[EventDate "2015.10.03"]
[EventType "swiss"]
[EventRounds "9"]
[EventCountry "IOM"]
[SourceTitle "twic1065-1099"]
[Source "Mark Crowther"]
[SourceDate "2015.12.04"]
[SourceVersion "1"]
[SourceVersionDate "2015.12.04"]
[SourceQuality "1"]

1. d4 Nf6 2. c4 e6 3. Nf3 b6 4. a3 Bb7 5. Nc3 d5 6. cxd5 Nxd5 7. e3 Be7 8. Bb5+
c6 9. Bd3 Nxc3 10. bxc3 c5 11. O-O Nd7 12. e4 O-O 13. e5 Rc8 14. Qe2 cxd4 15.
cxd4 Nb8 16. Bb2 Qd5 17. Rad1 Rfd8 18. Ne1 g6 19. f4 Qb3 20. Nf3 Bxa3 21. Ba1
Be7 22. h4 Nc6 23. Rb1 Qd5 24. Rb5 Qd7 25. d5 Nb4 26. Rxb4 Bxb4 27. d6 Bxf3 28.
Qxf3 Bc3 29. h5 Bxa1 30. Rxa1 Rc3 31. Qe3 Rdc8 32. h6 a5 33. f5 exf5 34. Qd4
R3c5 35. Re1 Qe6 36. Bb1 Rc1 37. Rxc1 Rxc1+ 38. Kh2 Qc4 0-1

[Event "PokerStars Masters 2nd"]
[Site "Douglas"]
[Date "2015.10.07"]
[Round "5.9"]
[White "Sundararajan, Kidambi"]
[Black "Sengupta, Deep"]
[Result "1/2-1/2"]
[WhiteElo "2497"]
[BlackElo "2580"]
[PlyCount "88"]
[EventDate "2015.10.03"]
[EventType "swiss"]
[EventRounds "9"]
[EventCountry "IOM"]
[SourceTitle "twic1065-1099"]
[Source "Mark Crowther"]
[SourceDate "2015.12.04"]
[SourceVersion "1"]
[SourceVersionDate "2015.12.04"]
[SourceQuality "1"]

1. Nf3 d5 2. b3 Nf6 3. Bb2 g6 4. c4 c6 5. g3 Bg7 6. Bg2 O-O 7. O-O Bf5 8. d3
Qc8 9. Nbd2 Bh3 10. Rc1 Bxg2 11. Kxg2 e6 12. e4 Qd8 13. Qe2 Na6 14. Rfd1 Re8
15. Nf1 c5 16. e5 Nd7 17. cxd5 exd5 18. d4 cxd4 19. Bxd4 Nc7 20. Qb2 Nf8 21.
Ne3 Nfe6 22. a4 Qd7 23. Rc2 b6 24. Qc3 Rad8 25. Qc6 Na6 26. Qxd7 Rxd7 27. Bb2
Red8 28. Rcd2 Nac7 29. Nd4 Nxd4 30. Bxd4 Ne6 31. f4 Bf8 32. Kf3 h5 33. Rd3 Bc5
34. Bxc5 Nxc5 35. Rxd5 Rxd5 36. Rxd5 Rxd5 37. Nxd5 Nxb3 38. Ne7+ Kf8 39. Nc8
Nc5 40. Nxa7 Nxa4 41. Ke4 Ke7 42. Kd5 Nc3+ 43. Kd4 Na4 44. Kd5 Nc3+ 1/2-1/2

[Event "PokerStars Masters 2nd"]
[Site "Douglas"]
[Date "2015.10.07"]
[Round "5.10"]
[White "Lampert, Jonas"]
[Black "Donchenko, Alexander"]
[Result "1/2-1/2"]
[WhiteElo "2461"]
[BlackElo "2577"]
[PlyCount "91"]
[EventDate "2015.10.03"]
[EventType "swiss"]
[EventRounds "9"]
[EventCountry "IOM"]
[SourceTitle "twic1065-1099"]
[Source "Mark Crowther"]
[SourceDate "2015.12.04"]
[SourceVersion "1"]
[SourceVersionDate "2015.12.04"]
[SourceQuality "1"]

1. d4 Nf6 2. c4 e6 3. g3 c5 4. Nf3 cxd4 5. Nxd4 d5 6. Bg2 e5 7. Nb3 d4 8. O-O
Nc6 9. f4 Be6 10. Bxc6+ bxc6 11. fxe5 Ng4 12. Qxd4 Qxd4+ 13. Nxd4 Bc5 14. e3
Nxe5 15. Nxe6 fxe6 16. b3 O-O-O 17. Nc3 Rd3 18. Ne4 Bxe3+ 19. Bxe3 Rxe3 20.
Nd6+ Kd7 21. Nf7 Re8 22. Rad1+ Ke7 23. Nxe5 Rxe5 24. Rf2 a5 25. Rfd2 Kf7 26.
Rd6 Re2 27. Rf1+ Ke7 28. Rxc6 Rxa2 29. Rc7+ Kd6 30. Rxg7 Rb8 31. Rf3 a4 32.
bxa4 Rb1+ 33. Rf1 Rxf1+ 34. Kxf1 Rxh2 35. a5 Ra2 36. Rxh7 Rxa5 37. Kf2 Ra4 38.
Rh4 Kc5 39. Re4 Rxc4 40. Rxe6 Kd5 41. Re8 Re4 42. Rf8 Ke5 43. Kf3 Ra4 44. g4
Ra3+ 45. Kg2 Ke6 46. Rf2 1/2-1/2

[Event "PokerStars Masters 2nd"]
[Site "Douglas"]
[Date "2015.10.07"]
[Round "5.11"]
[White "Zumsande, Martin"]
[Black "Brunello, Sabino"]
[Result "1-0"]
[WhiteElo "2422"]
[BlackElo "2553"]
[PlyCount "69"]
[EventDate "2015.10.03"]
[EventType "swiss"]
[EventRounds "9"]
[EventCountry "IOM"]
[SourceTitle "twic1065-1099"]
[Source "Mark Crowther"]
[SourceDate "2015.12.04"]
[SourceVersion "1"]
[SourceVersionDate "2015.12.04"]
[SourceQuality "1"]

1. e4 c6 2. d4 d5 3. exd5 cxd5 4. c4 Nf6 5. Nc3 e6 6. Nf3 Bb4 7. cxd5 Nxd5 8.
Bd2 Nc6 9. Bd3 Nce7 10. O-O Bd7 11. Ne5 O-O 12. Qh5 g6 13. Qh6 Bc6 14. Rfe1 Qb6
15. Rad1 Rad8 16. Bg5 f6 17. Nxg6 Nxg6 18. Bxg6 Rd7 19. Rxe6 Bxc3 20. Be4 Bxd4
21. Rd6 Rff7 22. Bxd5 Rxd6 23. Bxf7+ Kxf7 24. Qxh7+ Ke6 25. Re1+ Be5 26. Bxf6
Kxf6 27. Qh8+ Kg6 28. Qxe5 Rf6 29. Re3 Qb4 30. Rg3+ Kf7 31. Qc7+ Ke6 32. Re3+
Kf5 33. Qh7+ Rg6 34. Qf7+ Rf6 35. Qh5+ 1-0

[Event "PokerStars Masters 2nd"]
[Site "Douglas"]
[Date "2015.10.07"]
[Round "5.13"]
[White "Jones, Gawain C"]
[Black "Neelotpal, Das"]
[Result "1/2-1/2"]
[WhiteElo "2623"]
[BlackElo "2465"]
[PlyCount "81"]
[EventDate "2015.10.03"]
[EventType "swiss"]
[EventRounds "9"]
[EventCountry "IOM"]
[SourceTitle "twic1065-1099"]
[Source "Mark Crowther"]
[SourceDate "2015.12.04"]
[SourceVersion "1"]
[SourceVersionDate "2015.12.04"]
[SourceQuality "1"]

1. c4 e5 2. Nc3 Nf6 3. g3 d5 4. cxd5 Nxd5 5. Bg2 Nb6 6. Nf3 Nc6 7. O-O Be7 8.
Rb1 Be6 9. b4 f6 10. b5 Nd4 11. e3 Nxf3+ 12. Qxf3 Rb8 13. d4 exd4 14. exd4 O-O
15. Re1 Bf7 16. h4 Re8 17. Bf4 Bd6 18. Rxe8+ Bxe8 19. Ne4 Bxf4 20. Qxf4 Nd5 21.
Qf3 Bf7 22. Nc5 c6 23. h5 cxb5 24. Qg4 Qc8 25. Nd7 f5 26. Qxf5 Nb6 27. Be4 Nxd7
28. Qxh7+ Kf8 29. h6 gxh6 30. Re1 Qc3 31. Qxh6+ Ke7 32. Re3 Qa1+ 33. Kg2 Kd8
34. Qg5+ Kc8 35. Bd5 Bxd5+ 36. Qxd5 Kc7 37. Re7 Rd8 38. Qc5+ Kb8 39. Qd6+ Kc8
40. Rxd7 Rxd7 41. Qc5+ 1/2-1/2